[Event "16. Torneo San Viator - Grupo B"]
[Site "Madrid ESP"]
[Date "2016.04.10"]
[Round "2.19"]
[White "Diaz Del Prado, Carlos"]
[Black "Corral Sanchez, Jesus"]
[Result "0-1"]
[WhiteElo "1314"]
[BlackElo "1587"]
[PlyCount "82"]
[EventDate "2016.04.03"]
[EventType "swiss"]
[EventRounds "9"]
[EventCountry "ESP"]
[Source "lmi"]
[SourceDate "2016.04.03"]

1. d4 d5 2. Nf3 c6 3. e3 Bf5 4. Nbd2 h6 5. c4 e6 6. Qb3 Qb6 7. Qxb6 axb6 8. Be2
Nf6 9. O-O Nbd7 10. a3 Bd6 11. b4 dxc4 12. Nxc4 Bc7 13. Bb2 O-O 14. Rfd1 Rfd8
15. Bd3 Bxd3 16. Rxd3 b5 17. Ncd2 Nb6 18. Re1 e5 19. Rb3 e4 20. Nh4 Rd5 21. g3
g5 22. Ng2 Re8 23. h3 Kh7 24. Rc1 Kg6 25. Rc5 Na4 26. Rxd5 Nxd5 27. Ba1 f5 28.
Nb1 Kf7 29. Nc3 Ke6 30. h4 Naxc3 31. Bxc3 Nb6 32. Rb1 Kd5 33. Rc1 Ra8 34. Bb2
Nc4 35. Rc2 Nxb2 36. Rxb2 Rxa3 37. Ne1 Ra1 38. Kf1 Bd6 39. Ke2 Ra4 40. Nc2 Kc4
41. f3 Kc3 0-1

[Event "16. Torneo San Viator - Grupo B"]
[Site "Madrid ESP"]
[Date "2016.04.10"]
[Round "2.20"]
[White "Lopez Nunez, Alonso"]
[Black "Martinez Pascual, Gonzalo"]
[Result "1-0"]
[WhiteElo "1304"]
[BlackElo "1546"]
[PlyCount "112"]
[EventDate "2016.04.03"]
[EventType "swiss"]
[EventRounds "9"]
[EventCountry "ESP"]
[Source "lmi"]
[SourceDate "2016.04.03"]

1. e4 c5 2. c3 d6 3. d4 cxd4 4. cxd4 Nc6 5. Nc3 Nf6 6. Bb5 Bd7 7. Bxc6 Bxc6 8.
d5 Bd7 9. Nge2 e5 10. O-O Be7 11. Bg5 O-O 12. Qc2 Rc8 13. Rac1 a6 14. Qd2 b5
15. b4 a5 16. a3 axb4 17. axb4 Bg4 18. f3 Bd7 19. Qd3 Qb6+ 20. Be3 Qb7 21. Ra1
Ra8 22. Rfc1 Rxa1 23. Rxa1 Ra8 24. Rxa8+ Qxa8 25. Qc2 Qa1+ 26. Qb1 Qxb1+ 27.
Nxb1 Ne8 28. Na3 Nc7 29. Nc3 g6 30. Bb6 Na6 31. Ba5 f5 32. Ncxb5 fxe4 33. fxe4
Bg5 34. Nxd6 Bd2 35. Ndc4 Nxb4 36. Nxd2 Nd3 37. Nac4 Bb5 38. Bc7 Bxc4 39. Nxc4
Nc5 40. Bxe5 Nxe4 41. d6 Nc5 42. Bd4 Nd7 43. Nb6 Nb8 44. d7 Nc6 45. Bf6 Kf7 46.
d8=Q Nxd8 47. Bxd8 h5 48. Kf2 Ke6 49. Kf3 Kf5 50. Nd5 g5 51. Ne3+ Kg6 52. Ke4
g4 53. Nd5 Kh6 54. Kf5 Kh7 55. Kg5 Kg7 56. Kxh5 Kg8 1-0

[Event "16. Torneo San Viator - Grupo B"]
[Site "Madrid ESP"]
[Date "2016.04.10"]
[Round "2.21"]
[White "Vallespin Morales, Antonio"]
[Black "Cortijo Manso, Luis"]
[Result "0-1"]
[WhiteElo "1257"]
[BlackElo "1504"]
[PlyCount "94"]
[EventDate "2016.04.03"]
[EventType "swiss"]
[EventRounds "9"]
[EventCountry "ESP"]
[Source "lmi"]
[SourceDate "2016.04.03"]

1. e4 e6 2. d4 d5 3. e5 c5 4. dxc5 Bxc5 5. Bd3 Qb6 6. Qe2 Nc6 7. Nf3 Bd7 8. O-O
Nb4 9. Nbd2 Nxd3 10. cxd3 Nh6 11. Nb3 Nf5 12. Nxc5 Qxc5 13. Re1 O-O 14. Bd2 Qb5
15. g4 Ne7 16. b3 a5 17. Rec1 Rfc8 18. Bg5 Ng6 19. Qd2 Qb4 20. Rxc8+ Rxc8 21.
Qxb4 axb4 22. Rc1 Bc6 23. Nd4 Nxe5 24. Nxc6 bxc6 25. Be7 Nxd3 26. Rd1 Ne5 27.
h3 c5 28. Kg2 Nd7 29. Rc1 f6 30. Bd6 Kf7 31. Bg3 e5 32. f3 d4 33. Kf1 Ke6 34.
Ke2 g5 35. Kd3 Kd5 36. Be1 Ra8 37. Rc2 Ra5 38. a4 Nf8 39. h4 Ne6 40. h5 h6 41.
Ra2 Nf4+ 42. Kd2 e4 43. fxe4+ Kxe4 44. Kd1 d3 45. Bg3 Ne2 46. Bc7 Ra6 47. a5
Nc3+ 0-1

[Event "16. Torneo San Viator - Grupo B"]
[Site "Madrid ESP"]
[Date "2016.04.10"]
[Round "2.28"]
[White "Bermejo Jimenez, Adolfo"]
[Black "San Felipe Gonzalez, Tomas"]
[Result "1-0"]
[WhiteElo "1387"]
[BlackElo "1723"]
[PlyCount "53"]
[EventDate "2016.04.03"]
[EventType "swiss"]
[EventRounds "9"]
[EventCountry "ESP"]
[Source "lmi"]
[SourceDate "2016.04.03"]

1. e4 c5 2. Bc4 Nc6 3. Nf3 e6 4. O-O g6 5. c3 Bg7 6. d4 cxd4 7. cxd4 Nge7 8.
Bf4 d5 9. exd5 Nxd5 10. Be3 O-O 11. Bxd5 Qxd5 12. Nc3 Qa5 13. a3 a6 14. b4 Qh5
15. Ne2 b5 16. Rc1 Bb7 17. Rc5 f5 18. Ng3 Qg4 19. h3 Qxg3 20. fxg3 Rfd8 21. Qb3
Re8 22. Ng5 Bxd4 23. Bxd4 Nxd4 24. Qd1 Rad8 25. Qe1 Bd5 26. Rc7 h6 27. Qe5 1-0

[Event "16. Torneo San Viator - Grupo B"]
[Site "Madrid ESP"]
[Date "2016.04.10"]
[Round "2.29"]
[White "Chislia, Mihai"]
[Black "Perez Perez, Marta"]
[Result "1-0"]
[WhiteElo "1683"]
[BlackElo "1388"]
[PlyCount "93"]
[EventDate "2016.04.03"]
[EventType "swiss"]
[EventRounds "9"]
[EventCountry "ESP"]
[Source "lmi"]
[SourceDate "2016.04.03"]

1. e4 e5 2. Nf3 Nc6 3. d4 exd4 4. Bc4 Bb4+ 5. c3 dxc3 6. bxc3 Bd6 7. O-O Nge7
8. Re1 O-O 9. e5 Bc5 10. Bg5 d5 11. exd6 Qxd6 12. Qxd6 Bxd6 13. Nbd2 Bf5 14.
Nb3 Rfe8 15. Nfd4 Nxd4 16. Nxd4 Bd7 17. Rab1 Rab8 18. Kf1 a6 19. Bxe7 Rxe7 20.
Rxe7 Bxe7 21. Bxa6 b6 22. Bc4 Ra8 23. h3 Ra3 24. Bb3 Ra8 25. Ke2 g6 26. g4 Kg7
27. f4 Ra5 28. Re1 Bh4 29. Rd1 Be7 30. Nf3 Bc8 31. Ne5 Rc5 32. Kd2 f6 33. Nd3
Ra5 34. Re1 Kf8 35. Re4 Bd6 36. Nb4 Rc5 37. Rd4 f5 38. g5 Kg7 39. Nd5 Bd7 40.
Kc2 Bc6 41. Nxb6 cxb6 42. Rxd6 h6 43. h4 Be4+ 44. Kb2 Bg2 45. Rd8 Rb5 46. Rc8
Bd5 47. c4 1-0

[Event "16. Torneo San Viator - Grupo B"]
[Site "Madrid ESP"]
[Date "2016.04.10"]
[Round "2.30"]
[White "Loncomilla Sanhueza, Ernesto"]
[Black "Ramos Barbancho, Jose Manuel"]
[Result "1-0"]
[WhiteElo "1587"]
[BlackElo "1381"]
[PlyCount "63"]
[EventDate "2016.04.03"]
[EventType "swiss"]
[EventRounds "9"]
[EventCountry "ESP"]
[Source "lmi"]
[SourceDate "2016.04.03"]

1. e4 c5 2. Nf3 Nc6 3. d4 cxd4 4. Nxd4 Nf6 5. Nc3 g6 6. f3 Bg7 7. Be3 O-O 8.
Qd2 a6 9. O-O-O d6 10. Bh6 Nxd4 11. Bxg7 Nxf3 12. gxf3 Kxg7 13. e5 Ne8 14. h4
Bd7 15. h5 Kg8 16. hxg6 fxg6 17. Qh6 Rf7 18. Bd3 Rg7 19. Rdg1 Kf7 20. Ne4 Ke6
21. f4 Kd5 22. exd6 exd6 23. Nc3+ Kc6 24. f5 Qf6 25. Be4+ Kc5 26. Qe3+ Qd4 27.
b4+ Kc4 28. Bd5+ Qxd5 29. Nxd5 Kxd5 30. Qf3+ Ke5 31. Re1+ Kf6 32. fxg6+ 1-0

[Event "16. Torneo San Viator - Grupo B"]
[Site "Madrid ESP"]
[Date "2016.04.10"]
[Round "2.31"]
[White "Gortazar Rubial, Javier Maria"]
[Black "Jimenez Sanchez, Juan Daniel"]
[Result "1-0"]
[WhiteElo "1582"]
[BlackElo "1322"]
[PlyCount "47"]
[EventDate "2016.04.03"]
[EventType "swiss"]
[EventRounds "9"]
[EventCountry "ESP"]
[Source "lmi"]
[SourceDate "2016.04.03"]

1. e4 c6 2. d4 d5 3. exd5 cxd5 4. c4 Nf6 5. Nc3 Bf5 6. Nf3 h6 7. Qb3 dxc4 8.
Bxc4 e6 9. Qxb7 Nbd7 10. O-O Be7 11. Re1 O-O 12. Bf4 Qb6 13. Qxb6 axb6 14. d5
Nc5 15. Nd4 Nfe4 16. Nxf5 exf5 17. Nxe4 fxe4 18. d6 Bd8 19. b3 g5 20. Bg3 Ra5
21. b4 Ra4 22. a3 Re8 23. Bb5 Ra8 24. Bxe8 1-0

[Event "16. Torneo San Viator - Grupo B"]
[Site "Madrid ESP"]
[Date "2016.04.10"]
[Round "2.32"]
[White "Blanco Ruiz, Cesar"]
[Black "Mora Gonzalez-Rojas, Francisco"]
[Result "1-0"]
[WhiteElo "1559"]
[BlackElo "1253"]
[PlyCount "36"]
[EventDate "2016.04.03"]
[EventType "swiss"]
[EventRounds "9"]
[EventCountry "ESP"]
[Source "lmi"]
[SourceDate "2016.04.03"]

1. d4 d5 2. Bg5 Nf6 3. Bxf6 exf6 4. e3 Bb4+ 5. Nd2 O-O 6. a3 Ba5 7. b4 Bb6 8.
c4 a6 9. c5 Ba7 10. Bd3 Be6 11. Qh5 g6 12. Qh6 f5 13. h4 Qf6 14. Ngf3 Qg7 15.
Qf4 c6 16. h5 Bc8 17. hxg6 fxg6 18. Ng5 h6 1-0

[Event "16. Torneo San Viator - Grupo B"]
[Site "Madrid ESP"]
[Date "2016.04.10"]
[Round "2.33"]
[White "Arias Bellido, Santiago"]
[Black "Perez Carballeira, Francisco"]
[Result "0-1"]
[WhiteElo "1324"]
[BlackElo "1509"]
[PlyCount "82"]
[EventDate "2016.04.03"]
[EventType "swiss"]
[EventRounds "9"]
[EventCountry "ESP"]
[Source "lmi"]
[SourceDate "2016.04.03"]

1. e4 c6 2. d4 d5 3. e5 e6 4. Nf3 c5 5. Bb5+ Nc6 6. c3 Nge7 7. O-O cxd4 8. cxd4
Bd7 9. Nc3 Ng6 10. Re1 Bb4 11. a3 Be7 12. h3 Qb6 13. a4 Nh4 14. Nxh4 Bxh4 15.
g3 Be7 16. Qg4 g6 17. Bg5 Qxd4 18. Bxe7 Qxg4 19. hxg4 Kxe7 20. Bxc6 Bxc6 21. b4
a6 22. a5 Rhd8 23. Rec1 Rac8 24. Na4 Bxa4 25. Rxc8 Rxc8 26. Rxa4 Rc4 27. Kf1
Rxg4 28. Kg2 Rc4 29. f4 Kd7 30. Kf3 h5 31. Ke3 Kc6 32. Kd3 Kb5 33. Ra1 Rxb4 34.
Rc1 Rc4 35. Rb1+ Kc6 36. Rb6+ Kc7 37. Rb3 Rc5 38. Rc3 Rxc3+ 39. Kxc3 Kc6 40.
Kb4 b6 41. axb6 Kxb6 0-1

[Event "16. Torneo San Viator - Grupo B"]
[Site "Madrid ESP"]
[Date "2016.04.10"]
[Round "2.35"]
[White "Trapero Bueno, Vicente"]
[Black "Torrecillas Adan, Luis"]
[Result "1-0"]
[WhiteElo "1231"]
[BlackElo "1474"]
[PlyCount "31"]
[EventDate "2016.04.03"]
[EventType "swiss"]
[EventRounds "9"]
[EventCountry "ESP"]
[Source "lmi"]
[SourceDate "2016.04.03"]

1. d4 d5 2. c4 c6 3. Nf3 h6 4. Nc3 dxc4 5. a4 e6 6. Ne5 c5 7. Be3 cxd4 8. Bxd4
Nc6 9. Nxc6 bxc6 10. e3 f6 11. Qh5+ Kd7 12. Rd1 Bd6 13. Bc5 Qe8 14. Rxd6+ Kc7
15. Qxe8 Ne7 16. Qxh8 1-0

[Event "16. Torneo San Viator - Grupo B"]
[Site "Madrid ESP"]
[Date "2016.04.10"]
[Round "2.36"]
[White "Duma, Mihaela"]
[Black "Gonzalez Morente, Jose A"]
[Result "0-1"]
[WhiteElo "1037"]
[BlackElo "1463"]
[PlyCount "108"]
[EventDate "2016.04.03"]
[EventType "swiss"]
[EventRounds "9"]
[EventCountry "ESP"]
[Source "lmi"]
[SourceDate "2016.04.03"]

1. e4 e5 2. Nf3 Nc6 3. c3 Nf6 4. Qc2 d5 5. d4 exd4 6. Nxd4 Nxd4 7. Qa4+ Nc6 8.
Nd2 Bd7 9. Bd3 Be7 10. c4 Ne5 11. Qc2 Nxd3+ 12. Qxd3 dxe4 13. Nxe4 Bf5 14.
Nxf6+ Bxf6 15. Qxf5 Qe7+ 16. Be3 Qb4+ 17. Bd2 Qxc4 18. b3 Qe6+ 19. Qxe6+ fxe6
20. Rc1 c6 21. O-O O-O 22. Rfd1 Rad8 23. Bb4 Rxd1+ 24. Rxd1 Rd8 25. Rxd8+ Bxd8
26. a4 Kf7 27. f4 Be7 28. Bd2 Bd6 29. g3 g6 30. Kg2 e5 31. Kf3 exf4 32. gxf4
Ke6 33. h4 Kf5 34. Be3 a6 35. Kg3 Bc7 36. Bd2 b5 37. axb5 axb5 38. Kf3 Bd6 39.
Kg3 Ke4 40. Kg4 Kd3 41. Bc1 Kc2 42. Be3 Kxb3 43. h5 Be7 44. f5 gxf5+ 45. Kxf5
Kc4 46. Ke5 b4 47. Ke6 Kd3 48. Bf4 Ke4 49. Bh6 Bh4 50. Kd6 b3 51. Kxc6 b2 52.
Kd6 b1=Q 53. Kd7 Qb7+ 54. Ke8 Qc6+ 0-1

[Event "16. Torneo San Viator - Grupo B"]
[Site "Madrid ESP"]
[Date "2016.04.17"]
[Round "3.1"]
[White "Llases Gonzalez, Luis"]
[Black "Franco Rincon, David"]
[Result "1-0"]
[WhiteElo "1614"]
[BlackElo "1721"]
[PlyCount "87"]
[EventDate "2016.04.03"]
[EventType "swiss"]
[EventRounds "9"]
[EventCountry "ESP"]
[Source "lmi"]
[SourceDate "2016.04.03"]

1. e4 c6 2. d4 d5 3. exd5 cxd5 4. Bd3 Nc6 5. c3 Nf6 6. Bf4 Bg4 7. Qb3 Qc8 8. h3
Bh5 9. Nd2 e6 10. Ngf3 Be7 11. O-O O-O 12. Rfe1 Bg6 13. Bxg6 hxg6 14. a4 a6 15.
Qc2 Qd7 16. a5 Rfc8 17. Nb3 Ne4 18. Nfd2 Nf6 19. Nf3 Bd8 20. Nc5 Qe7 21. b4 Na7
22. Be5 Nd7 23. Bf4 Nxc5 24. bxc5 Nc6 25. Bg5 f6 26. Qxg6 fxg5 27. Rxe6 Qf8 28.
Re8 Bxa5 29. Rxf8+ Rxf8 30. Nxg5 Rfe8 31. Qh7+ Kf8 32. Qh8+ Ke7 33. Re1+ Kd7
34. Qxg7+ Re7 35. Rxe7+ Nxe7 36. Qf6 Bxc3 37. Qd6+ Ke8 38. Ne6 Kf7 39. Nc7 Rc8
40. Qe6+ Kf8 41. Qf6+ Kg8 42. Qxe7 Rf8 43. Ne6 Rf7 44. Qe8+ 1-0

[Event "16. Torneo San Viator - Grupo B"]
[Site "Madrid ESP"]
[Date "2016.04.17"]
[Round "3.2"]
[White "Bellagamba, Pascal"]
[Black "Marquez Leon, Juan A"]
[Result "1-0"]
[WhiteElo "1671"]
[BlackElo "1588"]
[PlyCount "165"]
[EventDate "2016.04.03"]
[EventType "swiss"]
[EventRounds "9"]
[EventCountry "ESP"]
[Source "lmi"]
[SourceDate "2016.04.03"]

1. Nf3 d5 2. b3 Nf6 3. Bb2 e6 4. d3 Bb4+ 5. Nbd2 Nbd7 6. g3 Nf8 7. Bg2 Ng6 8.
O-O O-O 9. e3 Qe7 10. a3 Ba5 11. Qe2 c5 12. e4 d4 13. Nc4 Bc7 14. a4 a6 15.
Nfd2 e5 16. a5 Rb8 17. Rfb1 Bg4 18. f3 Be6 19. Ba3 Rfe8 20. b4 cxb4 21. Bxb4
Qd7 22. Bc5 Qc6 23. Bb6 Bxb6 24. Rxb6 Qc7 25. Rab1 Nd7 26. R6b4 Rec8 27. Qd1
Nf6 28. Qc1 Bd7 29. Qb2 Bb5 30. Bh3 Re8 31. Na3 Bc6 32. Nb3 b5 33. c4 dxc3 34.
Qxc3 Qd6 35. Nc2 Bd7 36. Bxd7 Qxd7 37. d4 Rbc8 38. Qd3 exd4 39. Rxd4 Qc7 40.
Ne3 Ne5 41. Qd1 Nc6 42. Rc1 Qa7 43. Rd3 h6 44. Kg2 Ne5 45. Rxc8 Rxc8 46. Rd8+
Rxd8 47. Qxd8+ Kh7 48. Nd5 Nxd5 49. Qxd5 Nc6 50. Qc5 Qxc5 51. Nxc5 Nxa5 52.
Nxa6 Nc6 53. Kf2 Kg6 54. Ke3 Kf6 55. Kd3 Ke5 56. Nc7 b4 57. Nb5 b3 58. f4+ Kf6
59. Kc3 g5 60. Kxb3 Ne7 61. Kc4 gxf4 62. gxf4 Ng6 63. f5 Ne5+ 64. Kd5 Nf3 65.
h3 Ng5 66. h4 Nf3 67. h5 Kg5 68. Nd6 f6 69. Ne8 Ne5 70. Ke6 Ng4 71. Ng7 Ne5 72.
Ne8 Ng4 73. Ke7 Ne3 74. Nxf6 Nxf5+ 75. exf5 Kxf5 76. Kf7 Kg5 77. Kg7 Kf5 78.
Nh7 Ke6 79. Kxh6 Kf7 80. Ng5+ Kg8 81. Kg6 Kh8 82. h6 Kg8 83. h7+ 1-0

[Event "16. Torneo San Viator - Grupo B"]
[Site "Madrid ESP"]
[Date "2016.04.17"]
[Round "3.3"]
[White "Hidalgo Prado, David"]
[Black "Arias Martinez, Ivan"]
[Result "1/2-1/2"]
[WhiteElo "1578"]
[BlackElo "1642"]
[PlyCount "42"]
[EventDate "2016.04.03"]
[EventType "swiss"]
[EventRounds "9"]
[EventCountry "ESP"]
[Source "lmi"]
[SourceDate "2016.04.03"]

1. e4 e6 2. d4 d5 3. e5 c5 4. c3 Qb6 5. Nf3 Nc6 6. a3 Bd7 7. b4 c4 8. a4 a6 9.
Be2 Nge7 10. Nh4 Qc7 11. f4 Nf5 12. Nxf5 exf5 13. Bf3 Ne7 14. O-O g6 15. Re1
Bh6 16. Be3 O-O 17. Nd2 b5 18. a5 Be6 19. Nf1 Qd7 20. Ng3 Kg7 21. h4 Rh8
1/2-1/2

[Event "16. Torneo San Viator - Grupo B"]
[Site "Madrid ESP"]
[Date "2016.04.17"]
[Round "3.4"]
[White "Avendano Layunta, Manuel"]
[Black "Mateos Cordero, Francisco"]
[Result "1/2-1/2"]
[WhiteElo "1576"]
[BlackElo "1623"]
[PlyCount "48"]
[EventDate "2016.04.03"]
[EventType "swiss"]
[EventRounds "9"]
[EventCountry "ESP"]
[Source "lmi"]
[SourceDate "2016.04.03"]

1. c4 c5 2. Nc3 Nc6 3. Nf3 Nf6 4. e4 d6 5. g3 Bd7 6. Bg2 Qc8 7. h3 e6 8. d3 h6
9. Be3 Be7 10. Qd2 a6 11. a3 Bd8 12. O-O e5 13. Kh2 Ba5 14. Rac1 Nd4 15. Qd1
O-O 16. Ng1 b5 17. Nce2 bxc4 18. dxc4 Bc6 19. f3 Rb8 20. Rb1 Qd7 21. Nc1 Nb3
22. Nge2 Ba4 23. Qd3 Nd4 24. b3 Bc6 1/2-1/2

[Event "16. Torneo San Viator - Grupo B"]
[Site "Madrid ESP"]
[Date "2016.04.17"]
[Round "3.5"]
[White "Dominguez Afonso, Ayraldo"]
[Black "Castro Uceda, Jose Antonio"]
[Result "0-1"]
[WhiteElo "1619"]
[BlackElo "1558"]
[PlyCount "52"]
[EventDate "2016.04.03"]
[EventType "swiss"]
[EventRounds "9"]
[EventCountry "ESP"]
[Source "lmi"]
[SourceDate "2016.04.03"]

1. e4 c5 2. Nf3 d6 3. d4 cxd4 4. Nxd4 Nf6 5. Nc3 a6 6. Be3 e5 7. Nb3 Be6 8. Be2
d5 9. Nxd5 Nxd5 10. exd5 Bxd5 11. O-O Nc6 12. Nc5 Bxc5 13. Bxc5 Be6 14. Bd3 Nd4
15. c3 Nf5 16. Re1 Qd5 17. Ba3 Rd8 18. Be4 Qc4 19. Qf3 Nd6 20. Bxd6 Rxd6 21.
Bxb7 Qb5 22. b3 O-O 23. c4 Qc5 24. Rad1 Rfd8 25. Bxa6 Qa5 26. Rxd6 Qxe1# 0-1

[Event "16. Torneo San Viator - Grupo B"]
[Site "Madrid ESP"]
[Date "2016.04.17"]
[Round "3.6"]
[White "Serrano Gonzalez, Oscar"]
[Black "Urbelz Perez, Ignacio"]
[Result "0-1"]
[WhiteElo "1727"]
[BlackElo "1513"]
[PlyCount "54"]
[EventDate "2016.04.03"]
[EventType "swiss"]
[EventRounds "9"]
[EventCountry "ESP"]
[Source "lmi"]
[SourceDate "2016.04.03"]

1. e4 c6 2. d4 d5 3. Nd2 dxe4 4. Nxe4 Bf5 5. Ng3 Bg6 6. Nf3 Nd7 7. Bd3 Bxd3 8.
Qxd3 e6 9. Bf4 Ngf6 10. Ne4 Nxe4 11. Qxe4 Nf6 12. Qe2 Bd6 13. Ne5 Qb6 14. Nc4
Bb4+ 15. c3 Qxd4 16. Be3 Bxc3+ 17. Nd2 Bxd2+ 18. Qxd2 Qxd2+ 19. Bxd2 O-O-O 20.
Bc3 Rhg8 21. O-O Nd5 22. Bd4 b6 23. Rac1 Kb7 24. a3 Nf4 25. Be3 Ne2+ 26. Kh1
Nxc1 27. Rxc1 Rd5 0-1

[Event "16. Torneo San Viator - Grupo B"]
[Site "Madrid ESP"]
[Date "2016.04.17"]
[Round "3.7"]
[White "Suarez Arellano, Jorge"]
[Black "Guerrero Gonzalez, Francisco"]
[Result "0-1"]
[WhiteElo "1498"]
[BlackElo "1699"]
[PlyCount "82"]
[EventDate "2016.04.03"]
[EventType "swiss"]
[EventRounds "9"]
[EventCountry "ESP"]
[Source "lmi"]
[SourceDate "2016.04.03"]

1. e4 d5 2. exd5 Qxd5 3. Nc3 Qa5 4. b4 Qxb4 5. a4 g6 6. Ba3 Qa5 7. Rb1 c6 8.
Bc4 Bg7 9. Qf3 Nf6 10. Nge2 Nbd7 11. Qe3 Qe5 12. h3 Qxe3 13. fxe3 e6 14. O-O
Bf8 15. Bb2 Be7 16. Ng3 O-O 17. Rf2 b6 18. Rbf1 Ne5 19. Bb3 Ned7 20. Nce2 Nd5
21. Nd4 Bh4 22. Rf3 Ne5 23. Ne4 Nxf3+ 24. Rxf3 Bd7 25. g3 Be7 26. Nf2 c5 27.
Ne2 Bc6 28. Ng4 h5 29. Ne5 Nb4 30. Rf2 Bd5 31. c4 Bb7 32. Nf4 Rad8 33. Bd1 Bg5
34. Nxh5 gxh5 35. Bxh5 f6 36. Ng6 Nd3 37. h4 Nxb2 38. Ne7+ Kg7 39. hxg5 fxg5
40. Rh2 Nxc4 41. Bg6 Rh8 0-1

[Event "16. Torneo San Viator - Grupo B"]
[Site "Madrid ESP"]
[Date "2016.04.17"]
[Round "3.8"]
[White "Lopez Mijail, Nicolas"]
[Black "Laray Fernandez, Juan"]
[Result "1/2-1/2"]
[WhiteElo "1675"]
[BlackElo "1498"]
[PlyCount "131"]
[EventDate "2016.04.03"]
[EventType "swiss"]
[EventRounds "9"]
[EventCountry "ESP"]
[Source "lmi"]
[SourceDate "2016.04.03"]

1. e4 e5 2. Nf3 Nc6 3. Bb5 d6 4. d4 Bd7 5. c3 Be7 6. O-O Nf6 7. Re1 O-O 8. Bd3
Bg4 9. d5 Nb8 10. Nbd2 h6 11. h3 Bh5 12. Rb1 Nbd7 13. b4 Nb6 14. Nb3 Qd7 15.
Na5 Rab8 16. Bf1 Nh7 17. g4 Bg6 18. c4 Na8 19. Qc2 c6 20. Be3 cxd5 21. cxd5
Rfc8 22. Qd3 Rc7 23. Rbc1 Rbc8 24. Rxc7 Rxc7 25. Bxa7 Qc8 26. Be3 Nf6 27. Nd2
Rc3 28. Qb5 Nc7 29. Qxb7 Qxb7 30. Nxb7 Nxe4 31. Bxh6 gxh6 32. Nxe4 Bxe4 33.
Rxe4 Nxd5 34. b5 Nb6 35. a4 Rc7 36. Na5 f6 37. Nc6 d5 38. Nxe7+ Rxe7 39. Rb4
Ra7 40. Bg2 d4 41. Kf1 Kf8 42. Ke2 Ke7 43. Kd3 Kd6 44. Ke4 Kc5 45. Rb1 Rxa4 46.
Kf5 d3 47. Kxf6 Kd4 48. Kf5 Ra2 49. Bf1 Rxf2+ 50. Kg6 e4 51. Kxh6 e3 52. Bxd3
Kxd3 53. Rb3+ Kd4 54. Rb4+ Kd5 55. Rb1 e2 56. Re1 Kd4 57. g5 Rh2 58. Kg7 Kd3
59. g6 Kd2 60. Rxe2+ Kxe2 61. Kf7 Rf2+ 62. Ke6 Rg2 63. Kf7 Nd7 64. g7 Ne5+ 65.
Kf8 Ng6+ 66. Kf7 1/2-1/2

[Event "16. Torneo San Viator - Grupo B"]
[Site "Madrid ESP"]
[Date "2016.04.17"]
[Round "3.9"]
[White "Gutierrez Garcia, Alberto"]
[Black "Lopez Nunez, Roberto"]
[Result "0-1"]
[WhiteElo "1675"]
[BlackElo "1482"]
[PlyCount "84"]
[EventDate "2016.04.03"]
[EventType "swiss"]
[EventRounds "9"]
[EventCountry "ESP"]
[Source "lmi"]
[SourceDate "2016.04.03"]

1. e4 c5 2. Nf3 d6 3. Nc3 Nf6 4. Bc4 Nc6 5. d4 cxd4 6. Nxd4 g6 7. O-O Bg7 8.
Kh1 O-O 9. Nxc6 bxc6 10. f3 Qb6 11. Bb3 Nd7 12. Bg5 Re8 13. Rb1 Nc5 14. Be3 Qa5
15. Bd4 Bh6 16. f4 Nxb3 17. axb3 c5 18. Ra1 Qc7 19. Nd5 Qc6 20. Bg1 Bg7 21. f5
Bxb2 22. Ra2 Be5 23. Qf3 f6 24. Be3 Bb7 25. Bh6 c4 26. fxg6 hxg6 27. Qg4 Kf7
28. h4 Rh8 29. Bf4 cxb3 30. cxb3 Qb5 31. Raf2 Bxd5 32. Bxe5 dxe5 33. exd5 Qxd5
34. b4 Qe6 35. Qe4 Rad8 36. Kg1 Rd4 37. Qb7 Rd7 38. Qe4 Qd5 39. Qg4 Qd4 40.
Qxd4 Rxd4 41. Ra2 Rxb4 42. Rxa7 Rbxh4 0-1

[Event "16. Torneo San Viator - Grupo B"]
[Site "Madrid ESP"]
[Date "2016.04.17"]
[Round "3.10"]
[White "Sanchez Ortega, Ivan"]
[Black "Amador Andujar, Alfredo"]
[Result "1-0"]
[WhiteElo "1668"]
[BlackElo "1471"]
[PlyCount "57"]
[EventDate "2016.04.03"]
[EventType "swiss"]
[EventRounds "9"]
[EventCountry "ESP"]
[Source "lmi"]
[SourceDate "2016.04.03"]

1. d4 Nf6 2. Nf3 e6 3. Bg5 Be7 4. e3 b6 5. Be2 Bb7 6. c4 d6 7. Nc3 c6 8. Rc1
Nbd7 9. O-O O-O 10. a3 d5 11. Qb3 h6 12. Bh4 c5 13. cxd5 cxd4 14. Nxd4 Nxd5 15.
Bg3 Nc5 16. Qc2 Nxc3 17. Qxc3 Ne4 18. Qc7 Nxg3 19. hxg3 Rb8 20. Rfd1 Bc5 21.
Nxe6 Qxc7 22. Nxc7 Rbc8 23. Nd5 Rfe8 24. Bf3 Bxd5 25. Rxd5 Red8 26. Rcd1 Rxd5
27. Bxd5 Rd8 28. Bxf7+ Kxf7 29. Rxd8 1-0

[Event "16. Torneo San Viator - Grupo B"]
[Site "Madrid ESP"]
[Date "2016.04.17"]
[Round "3.11"]
[White "Corral Sanchez, Jesus"]
[Black "Simon Escalona, Irene"]
[Result "1/2-1/2"]
[WhiteElo "1587"]
[BlackElo "1423"]
[PlyCount "88"]
[EventDate "2016.04.03"]
[EventType "swiss"]
[EventRounds "9"]
[EventCountry "ESP"]
[Source "lmi"]
[SourceDate "2016.04.03"]

1. d4 Nf6 2. Bf4 g6 3. e3 Bg7 4. Nf3 O-O 5. Be2 d6 6. O-O b6 7. Nbd2 Bb7 8. c3
Nbd7 9. a4 a5 10. h3 Re8 11. Qb3 e6 12. Rad1 Ne4 13. Nxe4 Bxe4 14. Nd2 Bb7 15.
Bf3 Qc8 16. Bxb7 Qxb7 17. Nf3 Rad8 18. Rd2 Nf6 19. Rfd1 Ne4 20. Re2 Qa6 21. Qc2
Qb7 22. Ng5 Nxg5 23. Bxg5 Rc8 24. Bf4 Rcd8 25. Red2 e5 26. dxe5 Bxe5 27. Bxe5
Rxe5 28. Rd4 Rde8 29. b4 Re4 30. b5 R4e5 31. Qb3 Rg5 32. Rd5 Ree5 33. c4 Qc8
34. Rxe5 Rxe5 35. Rd4 Rg5 36. Kh2 Rf5 37. f3 Qe6 38. Qd3 Qe5+ 39. f4 Qe6 40.
Re4 Qd7 41. g4 Rc5 42. Kg3 h5 43. Rd4 hxg4 44. hxg4 Qe6 1/2-1/2

[Event "16. Torneo San Viator - Grupo B"]
[Site "Madrid ESP"]
[Date "2016.04.17"]
[Round "3.12"]
[White "Alonso Pardo, Daniel"]
[Black "Rivera Rodriguez, Luis Fernando"]
[Result "1-0"]
[WhiteElo "1581"]
[BlackElo "1329"]
[PlyCount "149"]
[EventDate "2016.04.03"]
[EventType "swiss"]
[EventRounds "9"]
[EventCountry "ESP"]
[Source "lmi"]
[SourceDate "2016.04.03"]

1. c4 e5 2. Nc3 Nf6 3. e4 Bc5 4. h3 Nc6 5. Nf3 d6 6. d3 h6 7. Be3 Nd4 8. a3
Nxf3+ 9. Qxf3 Bxe3 10. fxe3 O-O 11. g4 Qe7 12. Qg3 Bd7 13. O-O-O c6 14. Be2 Nh7
15. h4 g6 16. Rdg1 Kh8 17. Bf3 Rac8 18. Kd2 b6 19. b3 a6 20. a4 Ra8 21. g5 h5
22. Qf2 b5 23. Qe2 Qe6 24. a5 bxc4 25. bxc4 Rab8 26. Rb1 Kg8 27. Rb6 Rxb6 28.
axb6 Rb8 29. Rb1 Qh3 30. Qf2 Qe6 31. Qe2 Qh3 32. Qf2 Qe6 33. Be2 Qh3 34. d4 Be8
35. c5 dxc5 36. dxc5 Qd7+ 37. Kc2 a5 38. Bc4 Qe7 39. Na4 Nf8 40. Qd2 Ra8 41.
Rf1 Nd7 42. Qd6 Qxd6 43. cxd6 Rb8 44. Rb1 Kf8 45. Kc3 f6 46. Be6 fxg5 47. hxg5
Kg7 48. Bxd7 Bxd7 49. Kc4 Be6+ 50. Kc5 Bd7 51. Nb2 Kf7 52. Nc4 Ke6 53. Nxa5 h4
54. Nc4 h3 55. Rh1 Rh8 56. b7 h2 57. Kb6 Kf7 58. Nxe5+ Ke6 59. Nc4 c5 60. Kxc5
Ba4 61. Nb6 Bc2 62. Nc8 Bxe4 63. Rxh2 Rxh2 64. b8=Q Rc2+ 65. Kd4 Bd5 66. e4
Rc4+ 67. Kd3 Rxe4 68. Qb5 Bc4+ 69. Qxc4+ Rxc4 70. Kxc4 Kd7 71. Kd5 Kd8 72. Ke6
Ke8 73. d7+ Kd8 74. Ne7 Kc7 75. Nxg6 1-0